| 000 | 00770nam a2200205 a 4500 | ||
|---|---|---|---|
| 001 | 001073601 | ||
| 003 | AM-YeHGA | ||
| 005 | 20250617151250.0 | ||
| 008 | 150417s1980 ||| r 000 0 rus d | ||
| 040 | _aAM-YeHGA | ||
| 041 | 0 | _arus | |
| 100 | 1 | _aБурлачук, Фока Федорович | |
| 245 | 1 | 0 |
_aЧерниговского полка поручик : _bИсторическая повесть / _cФока Бурлачук;. |
| 260 |
_aКиев : _bРадянский письменник, _c1980. |
||
| 300 |
_a216 с. : _bил. ;. |
||
| 653 | 0 | _aДекабристы (х. л.) | |
| 653 | 0 | _aТюрьма, каторга и ссылка в России - Сибирь, 19 в. (х. л.) | |
| 740 | 0 | 2 | _aСожженные мосты |
| 090 | _c349709 | ||
| 999 |
_c347902 _d347902 |
||